Lectures to my students : (Record no. 2434)

MARC details
000 -LEADER
fixed length control field 00906cam a2200253 i 4500
001 - CONTROL NUMBER
control field 2303555
003 - CONTROL NUMBER IDENTIFIER
control field GBCCL
005 - DATE AND TIME OF LATEST TRANSACTION
control field 20241126110429.0
008 - FIXED-LENGTH DATA ELEMENTS--GENERAL INFORMATION
fixed length control field 801007s1954 miu 000 0 eng
010 ## -
-- 80131181
020 ## - INTERNATIONAL STANDARD BOOK NUMBER
International Standard Book Number 0310329116 (pbk.) :
Terms of availability $7.95
040 ## - CATALOGING SOURCE
Original cataloging agency DLC
Transcribing agency DLC
Modifying agency DLC
050 00 -
-- BV4211
-- .S6894 1954
082 00 - DEWEY DECIMAL CLASSIFICATION NUMBER
Classification number 251
Edition information 19
Item number SPU
100 1# - MAIN ENTRY--PERSONAL NAME
Personal name Spurgeon, C. H.
Fuller form of name (Charles Haddon),
Dates associated with a name 1834-1892.
9 (RLIN) 222
245 10 - TITLE STATEMENT
Title Lectures to my students :
Remainder of title complete & unabridged /
Statement of responsibility, etc. C. H. Spurgeon.
250 ## - EDITION STATEMENT
Edition statement New ed. containing selected lectures from series 1, 2, and 3, 1954.
260 ## - PUBLICATION, DISTRIBUTION, ETC.
Place of publication, distribution, etc. Grand Rapids, Mich. :
Name of publisher, distributor, etc. Zondervan Pub. House,
Date of publication, distribution, etc. 1954, 1980 printing.
300 ## - PHYSICAL DESCRIPTION
Extent 443 p. ;
Dimensions 22 cm.
650 #0 - SUBJECT ADDED ENTRY--TOPICAL TERM
Topical term or geographic name entry element Preaching.
9 (RLIN) 404
856 42 - ELECTRONIC LOCATION AND ACCESS
Materials specified Publisher description
Uniform Resource Identifier <a href="http://www.loc.gov/catdir/enhancements/fy0633/80131181-d.html">http://www.loc.gov/catdir/enhancements/fy0633/80131181-d.html</a>
906 ## - LOCAL DATA ELEMENT F, LDF (RLIN)
a 7
b cbc
c orignew
d 2
e ncip
f 19
g y-gencatlg
942 ## - ADDED ENTRY ELEMENTS (KOHA)
Source of classification or shelving scheme Dewey Decimal Classification
Koha item type Books
Holdings
Withdrawn status Lost status Source of classification or shelving scheme Damaged status Not for loan Home library Current Library Shelving location Date acquired Total checkouts Full call number Barcode Date last seen Copy number Price effective from Koha item type
    Dewey Decimal Classification     GRACE BIBLE COLLEGE GRACE BIBLE COLLEGE Ministry & Mission 2017-08-14   251 SPU 006871 2025-05-01 c.1 2017-08-14 Books
© Grace Bible College Library 2025